| 000 | 00626nam a22001935i 4500 | ||
|---|---|---|---|
| 001 | 153802 | ||
| 003 | ES-MaACL | ||
| 005 | 20250827062634.0 | ||
| 008 | 950223s1882 sp |||| | spa d | ||
| 040 |
_aCAM _bspa _cCCPB | SIC |
||
| 110 | 1 |
_aEspaña _93622 |
|
| 240 | 1 | 0 |
_a[Código de comercio ( _d1882]) |
| 245 | 1 | 0 | _aProyecto de Código de comercio. |
| 260 |
_aMadrid : _b[s.n.], _c1882 ( _fImp. del Ministerio de Gracia y Justicia) |
||
| 300 |
_aCCVIII, 229 p. ; _c23 cm. |
||
| 710 | 0 | 0 |
_aEspaña. _bMinisterio de Gracia y Justicia, _eimp. _93873 |
| 852 |
_aES-MaACL _jG-15021 _z-- Enc. hol. |
||
| 999 |
_c153802 _d153802 |
||